Environmental Studies for Undergraduate Courses : As per UGC notified syllabus (Record no. 15114)

MARC details
000 -LEADER
fixed length control field 00439nam a22001577a 4500
003 - CONTROL NUMBER IDENTIFIER
control field OSt
005 - DATE AND TIME OF LATEST TRANSACTION
control field 20211026162001.0
008 - FIXED-LENGTH DATA ELEMENTS--GENERAL INFORMATION
fixed length control field 211026b |||||||| |||| 00| 0 eng d
020 ## - INTERNATIONAL STANDARD BOOK NUMBER
International Standard Book Number 9788178061320
040 ## - CATALOGING SOURCE
Transcribing agency HU
082 ## - DEWEY DECIMAL CLASSIFICATION NUMBER
Classification number 338.27280973 BAS 2007
100 ## - MAIN ENTRY--PERSONAL NAME
Personal name Baskar, Sushmitha
9 (RLIN) 13830
245 ## - TITLE STATEMENT
Title Environmental Studies for Undergraduate Courses : As per UGC notified syllabus
300 ## - PHYSICAL DESCRIPTION
Extent 363P
Other physical details PC
Dimensions 24CM
942 ## - ADDED ENTRY ELEMENTS (KOHA)
Source of classification or shelving scheme Dewey Decimal Classification
Koha item type Books like text book referance book
Suppress in OPAC No
Holdings
Withdrawn status Lost status Source of classification or shelving scheme Damaged status Not for loan Collection code Home library Current library Shelving location Date acquired Total Checkouts Full call number Barcode Date last seen Copy number Price effective from Koha item type
    Dewey Decimal Classification     Non-fiction Wondo Genet Library Wondo Genet Library General Stacks 10/26/2021   338.27280973 BAS 2007 WGCFNRL00004793 10/26/2021 1 10/26/2021 Books like text book referance book